00753nam a22002417a 4500003000500000005001700005008004100022010000900063011000900072035000900081040000900090082002200099110007500121245003400196250001300230260006400243300001000307490004600317500001100363650002400374650002500398830008800423CHAP20230425130949.0971013c19911985 r 00010 d a6072 a7044 a6267 cCHAP a636.7002bN3 1985 aNational Research Council. Washington. Subcommittee on Swine Nutrition aNutrient requirements of dogs aEd. rev. aWashington, D.C. :bNational Academy Press,c1991 [c. 1985] a79 p. aNutrient requirements of domestic animals a60-21514aNutrición animal.14aPerrosxNutrición.0 aAnimal Nutrition Series (National Academies of Sciences, Engineering, and Medicine)